Anthropolgy of organizations (Record no. 580989)

MARC details
000 -LEADER
fixed length control field 00651nam a2200217Ia 4500
003 - CONTROL NUMBER IDENTIFIER
control field OSt
005 - DATE AND TIME OF LATEST TRANSACTION
control field 20251030112203.0
008 - FIXED-LENGTH DATA ELEMENTS--GENERAL INFORMATION
fixed length control field 220923b |||||||| |||| 00| 0 eng d
020 ## - INTERNATIONAL STANDARD BOOK NUMBER
International Standard Book Number 0415087473
037 ## - SOURCE OF ACQUISITION
Terms of availability Text Book
040 ## - CATALOGING SOURCE
Original cataloging agency RTL
Transcribing agency RTL
Language of cataloging eng
041 ## - LANGUAGE CODE
Source of code eng
Language code of text/sound track or separate title eng
084 ## - COLON CLASSIFICATION NUMBER
Classification number Y9(X:8), N4/TD
Assigning agency RTL
245 #0 - TITLE STATEMENT
Title Anthropolgy of organizations
260 ## - PUBLICATION, DISTRIBUTION, ETC.
Place of publication, distribution, etc. London
Name of publisher, distributor, etc. Routledge
Date of publication, distribution, etc. 1994
300 ## - PHYSICAL DESCRIPTION
Extent xi, 217 p.
Other physical details Includes bibliographical references and index.
500 ## - GENERAL NOTE
General note Bibliography chapterwise
700 ## - ADDED ENTRY--PERSONAL NAME
Personal name Wright, Susan
Relator term Editor
9 (RLIN) 849847
942 ## - ADDED ENTRY ELEMENTS (KOHA)
Classification part Y9(X:8), N4/TD1
Koha item type Textbook
Source of classification or shelving scheme Colon Classification (CC)
Suppress in OPAC No
Holdings
Withdrawn status Lost status Source of classification or shelving scheme Damaged status Not for loan Home library Current library Shelving location Date acquired Total Checkouts Full call number Barcode Date last seen Price effective from Koha item type
    Colon Classification (CC)     Ratan Tata Library Ratan Tata Library Staff Office 2022-09-25   Y9(X:8), N4/TD1 RT1475167 2022-09-25 2022-09-25 Textbook
Copyright @ Delhi University Library System